Gender and Development / (Record no. 15024)
[ view plain ]
| 000 -LEADER | |
|---|---|
| fixed length control field | 01967cam a2200445 a 4500 |
| 001 - CONTROL NUMBER | |
| control field | 15752739 |
| 005 - DATE AND TIME OF LATEST TRANSACTION | |
| control field | 20100729155439.0 |
| 008 - FIXED-LENGTH DATA ELEMENTS--GENERAL INFORMATION | |
| fixed length control field | 090528s20042010enkab | b 001 0deng d |
| 010 ## - LIBRARY OF CONGRESS CONTROL NUMBER | |
| LC control number | 2009021464 |
| 015 ## - NATIONAL BIBLIOGRAPHY NUMBER | |
| National bibliography number | GBA986421 |
| Source | bnb |
| 016 7# - NATIONAL BIBLIOGRAPHIC AGENCY CONTROL NUMBER | |
| Record control number | 015361370 |
| Source | Uk |
| 020 ## - INTERNATIONAL STANDARD BOOK NUMBER | |
| International Standard Book Number | 9780415775625 (hbk) |
| 020 ## - INTERNATIONAL STANDARD BOOK NUMBER | |
| International Standard Book Number | 0415775620 (hbk) |
| 020 ## - INTERNATIONAL STANDARD BOOK NUMBER | |
| International Standard Book Number | 9780415775632 (pbk) |
| 020 ## - INTERNATIONAL STANDARD BOOK NUMBER | |
| International Standard Book Number | 0415775639 (pbk) |
| 020 ## - INTERNATIONAL STANDARD BOOK NUMBER | |
| International Standard Book Number | 9780203869628 (ebk) |
| 020 ## - INTERNATIONAL STANDARD BOOK NUMBER | |
| International Standard Book Number | 0203869621 (ebk) |
| 020 ## - INTERNATIONAL STANDARD BOOK NUMBER | |
| Cancelled/invalid ISBN | 9780203869621 |
| 035 ## - SYSTEM CONTROL NUMBER | |
| System control number | (OCoLC)ocn227918239 |
| 040 ## - CATALOGING SOURCE | |
| Original cataloging agency | DLC |
| Transcribing agency | DLC |
| Modifying agency | BTCTA |
| -- | BAKER |
| -- | YDXCP |
| -- | UKM |
| -- | BWKUK |
| -- | BWX |
| -- | DLC |
| 043 ## - GEOGRAPHIC AREA CODE | |
| Geographic area code | d------ |
| 050 00 - LIBRARY OF CONGRESS CALL NUMBER | |
| Classification number | HQ1240.5.D44 |
| Item number | M657 2010 |
| 082 00 - DEWEY DECIMAL CLASSIFICATION NUMBER | |
| Classification number | 305.42091724 |
| Edition number | 22 |
| Item number | MOM |
| 100 1# - MAIN ENTRY--PERSONAL NAME | |
| Personal name | Momsen, Janet Henshall. |
| Relator term | Author |
| 9 (RLIN) | 22617 |
| 245 10 - TITLE STATEMENT | |
| Title | Gender and Development / |
| Statement of responsibility, etc | Janet Momsen. |
| 250 ## - EDITION STATEMENT | |
| Edition statement | 2nd ed. |
| 260 ## - PUBLICATION, DISTRIBUTION, ETC. (IMPRINT) | |
| Place of publication, distribution, etc | London : |
| Name of publisher, distributor, etc | Routledge, |
| Date of publication, distribution, etc | c2010. |
| 300 ## - PHYSICAL DESCRIPTION | |
| Extent | xiv, 285 p. : |
| Other physical details | ill., maps ; |
| Dimensions | 24 cm. |
| 490 0# - Series Statement | |
| Series statement | Routledge perspectives on development ; |
| -- | 22618 |
| 500 ## - GENERAL NOTE | |
| General note | Rev. ed. of: Gender and development. 2004. |
| 504 ## - BIBLIOGRAPHY, ETC. NOTE | |
| Bibliography, etc | Includes bibliographical references and index. |
| 505 0# - FORMATTED CONTENTS NOTE | |
| Formatted contents note | Introduction : gender is a development issue -- The sex ratio -- Reproduction -- Gender, health and violence -- Gender and environment -- Gender in rural areas -- Gender and urbanization -- Globalization and changing patterns of economic activity -- How far have we come? |
| 541 ## - IMMEDIATE SOURCE OF ACQUISITION NOTE | |
| Source of acquisition | Bacca ; |
| 650 #0 - SUBJECT ADDED ENTRY--TOPICAL TERM | |
| Topical term or geographic name as entry element | Women in development |
| Geographic subdivision | Developing countries. |
| 9 (RLIN) | 22619 |
| 650 #0 - SUBJECT ADDED ENTRY--TOPICAL TERM | |
| Topical term or geographic name as entry element | Sexual division of labor |
| Geographic subdivision | Developing countries. |
| 9 (RLIN) | 22620 |
| 650 #0 - SUBJECT ADDED ENTRY--TOPICAL TERM | |
| Topical term or geographic name as entry element | Women |
| Geographic subdivision | Developing countries. |
| 9 (RLIN) | 22621 |
| 942 ## - ADDED ENTRY ELEMENTS (KOHA) | |
| Source of classification or shelving scheme | Dewey Decimal Classification |
| Item type | Book - Borrowing |
| Withdrawn status | Item status | Source of classification or shelving scheme | Damaged status | Not for loan | Vendor | Home library | Current library | Shelving location | Date acquired | Source of acquisition | Total Checkouts | Total Renewals | Full call number | Barcode | Date last seen | Date last borrowed | Koha item type |
|---|---|---|---|---|---|---|---|---|---|---|---|---|---|---|---|---|---|
| Dewey Decimal Classification | Baccah | Central Library | Central Library | First floor | 15/03/2011 | Purchase | 6 | 1 | 305.42091724 MOM | 000022889 | 15/07/2025 | 27/12/2016 | NB - Book (Non borrowing) |